Somalia-visa - Statistics

Yleistilastot
  • Tätä visaa on pelattu 356 kertaa
  • Keskiarvotulos 9 / 15
Vastaustilastot
Kysymys Vastaus % Oikein
Mitkä ovat Somalian kolme naapurimaata? Etiopia
92%
Mitkä ovat Somalian kaksi virallista kieltä? Somali
92%
Mitkä ovat Somalian kolme naapurimaata? Djibouti
87%
Mitkä ovat Somalian kolme naapurimaata? Kenia
87%
Mikä on Somalian pääkaupunki? Mogadishu
84%
Minkä Euroopan valtion siirtomaana eteläisin 3/4 Somaliasta oli? Italia
81%
Millä niemimaalla Somalia sijaitsee? Afrikan {sarvi}
78%
Mitkä ovat Somalian kaksi virallista kieltä? Arabia
78%
Mikä kansainvälisesti tunnustumaton maa, joka irtautui Somaliasta vuonna 1991, sijaitsee Somalian pohjoisosassa? Somalimaa
64%
Mistä rikoksesta Somalia on tullut tunnetuksi 2000-luvulla? Merirosvous
61%
Mikä merenlahti sijaitsee Somalian ja Jemenin välissä? {Adenin}lahti
37%
Mikä on Somalian valuutta? Šillinki
34%
Mikä muinainen valtio nykyisen Somalian alueella oli muinaisen Egyptin tärkeä kauppakumppani? Puntmaa
27%
Mikä on toiseksi väkirikkain kaupunki Somaliassa? Hargeisa
24%
Mikä sulttaanikunta hallitsi suurta osaa Somalian eteläosista 1300-1600-luvuilla? {Adjurānin} sulttaanikunta
8%
Ehtoja vastaavia visoja ei löytynyt
Tulosjakauma
Jokaisen tuloksen saaneiden osuus
Persentiili vastausten määrän mukaan
Tuloshistoriasi
Et ole pelannut tätä visaa